North to yesterday /

For years, Lampassas has given up cowpunching to be an obedient husband and south Texas shopkeeper. When his wife dies of influenza, the aging cowboy puts on his spurs again. With his 17-year-old son at his side, Lampassas heads out on a longhorn cattle drive.

Saved in:
Bibliographic Details
Main Author: Flynn, Robert, 1932-
Format: Book
Language:English
Published: Forth Worth : Texas Christian University Press, 1985.
Series:Texas tradition series ; no. 4.
Subjects:
Tags: Add Tag
No Tags, Be the first to tag this record!
LEADER 01288pam a2200337 a 4500
001 000405015-0
005 20150516045027.0
008 850221r19851967txu 00011 eng
010 |a  85004688  
020 |a 0875650147 
020 |a 0875650155 (pbk.) 
035 0 |a ocm11785081 
040 |a DLC  |c DLC 
043 |a n-us-tx 
050 0 0 |a PS3556.L9  |b N6 1985 
100 1 |a Flynn, Robert,  |d 1932- 
245 1 0 |a North to yesterday /  |c Robert Flynn ; with a foreword by A.B. Guthrie, Jr. 
260 0 |a Forth Worth :  |b Texas Christian University Press,  |c 1985. 
300 |a 338 p. ;  |c 24 cm. 
490 1 |a Texas tradition series ;  |v no. 4 
500 |a Reprint. Originally published: New York : Knopf, 1967. 
520 |a For years, Lampassas has given up cowpunching to be an obedient husband and south Texas shopkeeper. When his wife dies of influenza, the aging cowboy puts on his spurs again. With his 17-year-old son at his side, Lampassas heads out on a longhorn cattle drive. 
650 0 |a Cattle drives  |x Fiction. 
650 0 |a Fathers and sons  |x Fiction. 
651 0 |a Texas  |v Fiction. 
655 7 |a Fiction.  |2 fast 
655 7 |a Western stories.  |2 gsafd 
730 0 |a Project Muse UPCC books  |5 net 
830 0 |a Texas tradition series ;  |v no. 4. 
988 |a 20020608 
906 |0 DLC